000 01479namaa22003131i 4500
005 20260429102837.0
008 260429s1993 ua a|||frm||| 000 0 eng d
040 _aEG-GICUC
_beng
_cEG-GICUC
_dEG-GICUC
_erda
041 0 _aeng
_beng
_bara
049 _aDeposit
097 _aM.Sc
099 _aCai01.09.09.1993.En.S
100 0 _aEnas Fathelbab Abdel Halim,
_epreparation.
245 1 0 _aA Satudy of the effect of recasting of non-Precious alloys used in crown and bridge on the axial and marginal fitness /
_cBy Enas Fathelbab Abdel Halim ; Supervisors Prof. Dr. Attia M. El- Agroudi, Dr. Mahdy T. Shehata
246 1 5 _aدراسة تأثير اعادة صب السبائك غير النفيسة المستخدمة في التيجان والجسور علي الاحكام المحوري والحافي
264 0 _c1993.
300 _a75 Leaves
_billustrations
_c30 cm. +
336 _2rda content
_atext
337 _2rdamedia
_aUnmediated
338 _2rdacarrier
_avolume
502 _aThesis (M.Sc.)-Cairo University, 1993.
504 _aBibliography: pages 68-75
653 0 _acrown and bridge on the axial and marginal fitness
_arecasting of non-Precious alloys
700 0 _aAttia M. El- Agroudi
_ethesis advisor.
700 0 _aMahdy T. Shehata
_ethesis advisor.
900 _DDepartment of Prosthodontics
_FFaculty of Oral and Dental Medicine
_UCairo University
_b1993
_cAttia M. El- Agroudi
_cMahdy T. Shehata
905 _aNehad
942 _2ddc
_cTH
_e21
_n0
999 _c179794